| 000 | 01531nam a22002777a 4500 | ||
|---|---|---|---|
| 005 | 20111222104447.0 | ||
| 010 | _aB-448510-514 | ||
| 020 |
_a9780143330257 (V.7-9) _c225.00 |
||
| 035 | _aB-448510-514 | ||
| 037 | _bK.K.Pub/Ven | ||
| 082 | _a000 | ||
| 100 |
_aO'Brien, Derek _945455 |
||
| 245 |
_aCadbury Bourn Vita book of knowldge/ _cby Derek O'Brien |
||
| 260 |
_aNew Delhi _bPenguin Group _c2007 |
||
| 270 |
_a11 Community Centre, Panchsheel Park _bNew Delhi _e110017 |
||
| 300 |
_av.7-9 (384p.) _c18cm(pbk) |
||
| 650 |
_aStories _9938 |
||
| 700 |
_a _937375 |
||
| 942 |
_2ddc _cEN _mOBR _h000 |
||
| 999 |
_c59827 _d59827 |
||